000 01760nam a2200349 a 4500
001 00142
003 DO-SdBNP
005 20180312155306.0
007 00142
008 160405b dr 2010||||| |||| 00| 0 spa d
020 _a9789945122060
040 _aBPMSU
_bspa
_cBPMSU
092 _a373.7
_bP349m 4to. 2013
100 1 _aPeña Geraldino, Rafael
245 1 0 _aMatemática 4 :
_b[educación media ] /
_cRafael Peña Geraldino ; ilustraciones Julio César Martínez
260 _aSanto Domingo :
_bSusaeta,
_c2013
300 _a343 p. :
_bil., retrs. ;
_c28 cm.
500 _aEdición especial para el Ministerio de Educación.
505 1 _tUnidad 1 -- Conjuntos numéricos --
_tUnidad 2 -- Expresiones algebraicas --
_tUnidad 3 -- Factorización y fracciones algebraicas --
_tUnidad 4 -- Funciones - Trigonometría --
_tUnidad 5 -- Ecuaciones - Inecuaciones --
_tUnidad 6 -- Sistemas de ecuaciones - Matrices --
_tUnidad 7 -- Análisis combinatorio --
_tUnidad 8 -- Sucesiones --
_tUnidad 9 -- Funciones y derivadas - Cálculo integral --
_tUnidad 10 -- Estadística y probabilidad --
_tUnidad 11 -- Lógica - Teoría de conjuntos --
_tUnidad 12 -- Geometría de las transformaciones --
650 4 _aEDUCACIÓN SECUNDARIA
_zREPÚBLICA DOMINICANA
650 4 _aMATEMÁTICAS
_xESTUDIOS Y EJERCICIOS
650 4 _aMATEMÁTICAS
_xLIBROS DE TEXTOS
650 4 _aMATEMÁTICAS
_xENSEÑANZA SECUNDARIA
700 _4Martínez, Julio César
910 _aValidado. Control de calidad MFF
942 _2ddc
_cBK
945 _aRemanejada para la BNPHU 2018 / BT
956 _aDGARCIA
_b10
_c20150715
_lBND01
_h0842
956 _aYLOCKWARD
_b10
_c20150720
_lBND01
_h1321
956 _aVMATEO
_b10
_c20150720
_lBPMSU
_h00151
956 _aBTAVÁREZ
_b10
_c20160405
_l00142
999 _c9558
_d9558